Expressing the sense of the Congress with respect to the situation in Sudan; concerning the movement toward democracy in the Federal Republic of Nigeria; and concerning democracy for Zaire : markups before the Subcommittee on Africa of the Committee on Foreign Affairs, House of Representatives, One Hundred Third Congress, first session, on H. Con. Res. 131, H. Con. Res. 151, and H. Res. 128, August 4 and November 16, 1993.

Saved in:
Bibliographic Details
Corporate Author: United States. Congress. House. Committee on Foreign Affairs. Subcommittee on Africa.
Format: Book
Language:English
Published: Washington : U.S. G.P.O. : For sale by the U.S. G.P.O., Supt. of Docs., Congressional Sales Office, 1995.
Subjects:
Tags: Add Tag
No Tags, Be the first to tag this record!
LEADER 01832cam a2200301Ia 4500
001 005504175-2
005 20020606163548.3
008 950329s1995 dcu f000 0 eng d
020 |a 0160468833 
035 0 |a ocm32222262 
040 |a GPO  |c GPO  |d HLS 
043 |a f-sj---  |a f-nr---  |a f-cg--- 
050 0 0 |a KF27  |b .F625 1993h 
074 |a 1017-A 
074 |a 1017-B (MF) 
086 0 |a Y 4.F 76/1:C 76/24 
110 1 |a United States.  |b Congress.  |b House.  |b Committee on Foreign Affairs.  |b Subcommittee on Africa. 
245 1 0 |a Expressing the sense of the Congress with respect to the situation in Sudan; concerning the movement toward democracy in the Federal Republic of Nigeria; and concerning democracy for Zaire :  |b markups before the Subcommittee on Africa of the Committee on Foreign Affairs, House of Representatives, One Hundred Third Congress, first session, on H. Con. Res. 131, H. Con. Res. 151, and H. Res. 128, August 4 and November 16, 1993. 
260 |a Washington :  |b U.S. G.P.O. :  |b For sale by the U.S. G.P.O., Supt. of Docs., Congressional Sales Office,  |c 1995. 
300 |a iii, 37 p. ;  |c 24 cm. 
500 |a Distributed to some depository libraries in microfiche. 
500 |a Shipping list no.: 95-0090-P. 
650 0 |a Democracy  |z Nigeria. 
650 0 |a Democracy  |z Congo (Democratic Republic) 
651 0 |a Sudan  |x Politics and government  |y 1985- 
776 0 8 |i Online version:  |a United States. Congress. House. Committee on Foreign Affairs. Subcommittee on Africa.  |t Expressing the sense of the Congress with respect to the situation in Sudan; concerning the movement toward democracy in the Federal Republic of Nigeria; and concerning democracy for Zaire.  |d Washington : U.S.G.P.O. : For sale by the U.S.G.P.O., Supt. of Docs., Congressional Sales Office, 1995  |w (OCoLC)647064852 
988 |a 20020608 
906 |0 OCLC